Электродная структура микромеханического гироскопа; Промышленные АСУ и контроллеры; № 7

Chi tiết về thư mục
Parent link:Промышленные АСУ и контроллеры: научно-технический производственный журнал.— , 1999-
№ 7.— 2012.— [С. 62-66]
Tác giả của công ty: Национальный исследовательский Томский политехнический университет
Tác giả khác: Нестеренко Т. Г. Тамара Георгиевна, Пересветов М. В., Коледа А. Н. Алексей Николаевич, Колчужин В. А.
Tóm tắt:Заглавие с экрана
В статье рассматриваются электродные структуры, которые используются в микромеханическом гироскопе в качестве датчиков перемещений, вибропривода и корректирующих устройств, прикладывающих усилия к подвижным элементам. Проведен аналитический расчет емкостей электродных структур и создаваемых ими сил с учетом краевых эффектов.
The article deals with the electrode structures used in the micromechanical gyroscope as the sensitive, actuator, tuning, and control elements. The analytical modeling of capacitances of electrode structures and generated electrostatic forces taking into account the fringing field effects are performed.
Режим доступа: по договору с организацией-держателем ресурса
Ngôn ngữ:Tiếng Nga
Được phát hành: 2012
Những chủ đề:
Truy cập trực tuyến:http://elibrary.ru/item.asp?id=22263733
Định dạng: MixedMaterials Điện tử Chương của sách
KOHA link:https://koha.lib.tpu.ru/cgi-bin/koha/opac-detail.pl?biblionumber=638162

MARC

LEADER 00000naa0a2200000 4500
001 638162
005 20260123153622.0
035 |a (RuTPU)RU\TPU\network\2419 
035 |a RU\TPU\network\2418 
090 |a 638162 
100 |a 20141215d2012 k||y0rusy50 ca 
101 0 |a rus 
102 |a RU 
135 |a drcn ---uucaa 
181 0 |a i  
182 0 |a b 
200 1 |a Электродная структура микромеханического гироскопа  |f Т. Г. Нестеренко [и др.] 
203 |a Текст  |c электронный 
300 |a Заглавие с экрана 
320 |a [Библиогр.: с. 66 (5 назв.)] 
330 |a В статье рассматриваются электродные структуры, которые используются в микромеханическом гироскопе в качестве датчиков перемещений, вибропривода и корректирующих устройств, прикладывающих усилия к подвижным элементам. Проведен аналитический расчет емкостей электродных структур и создаваемых ими сил с учетом краевых эффектов. 
330 |a The article deals with the electrode structures used in the micromechanical gyroscope as the sensitive, actuator, tuning, and control elements. The analytical modeling of capacitances of electrode structures and generated electrostatic forces taking into account the fringing field effects are performed. 
333 |a Режим доступа: по договору с организацией-держателем ресурса 
461 |t Промышленные АСУ и контроллеры  |o научно-технический производственный журнал  |d 1999- 
463 |t № 7  |v [С. 62-66]  |d 2012 
610 1 |a электронный ресурс 
610 1 |a труды учёных ТПУ 
610 1 |a микромеханические гироскопы 
610 1 |a емкости 
610 1 |a виброприводы 
610 1 |a электростатические силы 
610 1 |a электродные структуры 
610 1 |a сбои 
610 1 |a защита 
701 1 |a Нестеренко  |b Т. Г.  |c специалист в области машиностроения  |c доцент Томского политехнического университета, кандидат технических наук  |f 1946-  |g Тамара Георгиевна  |3 (RuTPU)RU\TPU\pers\26585  |9 12268 
701 1 |a Пересветов  |b М. В. 
701 1 |a Коледа  |b А. Н.  |c специалист в области приборостроения  |c инженер Томского политехнического университета  |f 1985-  |g Алексей Николаевич  |3 (RuTPU)RU\TPU\pers\31206  |9 15402 
701 1 |a Колчужин  |b В. А. 
712 0 2 |a Национальный исследовательский Томский политехнический университет  |c (2009- )  |9 26305 
801 2 |a RU  |b 63413507  |c 20141215  |g RCR 
856 4 |u http://elibrary.ru/item.asp?id=22263733 
942 |c CF